<?xml version="1.0" encoding="UTF-8"?>
<collection xmlns="http://www.loc.gov/MARC21/slim">
 <record>
  <leader>00536nab a2200169 i 4500</leader>
  <controlfield tag="001">delm97312</controlfield>
  <controlfield tag="005">20190909100348.0</controlfield>
  <controlfield tag="008">190909s1985    hu      o     0||   hun d</controlfield>
  <datafield tag="040" ind1=" " ind2=" ">
   <subfield code="a">SZTE Délmagyarország Archívum</subfield>
   <subfield code="b">hun</subfield>
  </datafield>
  <datafield tag="041" ind1=" " ind2=" ">
   <subfield code="a">hun</subfield>
  </datafield>
  <datafield tag="100" ind1="1" ind2=" ">
   <subfield code="a">Varjú Erika</subfield>
  </datafield>
  <datafield tag="245" ind1="1" ind2="3">
   <subfield code="a">Az a bizonyos tartás </subfield>
   <subfield code="h">[elektronikus dokumentum] :</subfield>
   <subfield code="b">Egy csésze kávé Mensáros Lászlóval /</subfield>
   <subfield code="c"> Varjú Erika</subfield>
  </datafield>
  <datafield tag="260" ind1=" " ind2=" ">
   <subfield code="c">1985-09-16</subfield>
  </datafield>
  <datafield tag="300" ind1=" " ind2=" ">
   <subfield code="a">5</subfield>
  </datafield>
  <datafield tag="490" ind1="0" ind2=" ">
   <subfield code="a">Délmagyarország</subfield>
   <subfield code="v">75 No. 217</subfield>
  </datafield>
  <datafield tag="695" ind1=" " ind2=" ">
   <subfield code="a">Mensáros László, Kamaraszínház</subfield>
  </datafield>
  <datafield tag="700" ind1="0" ind2="1">
   <subfield code="a">Varju Erika</subfield>
   <subfield code="e">aut</subfield>
  </datafield>
 </record>
</collection>
